00611nam a22001817a 4500003000400000008004100004020001800045082001400063100001900077245004100096250001300137260004100150300001100191650001100202942001300213999001700226952018600243OSt241022b |||||||| |||| 00| 0 eng d a9788192300832 a793.4 SHE aSHRIKANT, Usha aEthnic Embroidery of India Pert - II a1st. ed. aPune,bB.N. Sales Corporation,c2009 a200 p. aB.FAD. 2ddccREF c12935d12935 00102ddc40708BFADaPIETNCRbPIETNCRd2024-10-01ePankaj Publication InternationalfIn Rupeesg3000.00kPPI-15l0o793.4 SHEpN3768r2024-10-22 00:00:00v2190.00w2024-10-01yREF